000 00212nam a22000977a 4500
003 OSt
008 210116b ||||| |||| 00| 0 eng d
100 _aSadanandhan, P. K
_94878
245 _aKanakakumari
942 _cBK
999 _c16588
_d16588